| 000 | 01267cam a2200337 4500 | ||
|---|---|---|---|
| 001 | 4095628 | ||
| 003 | BJBSDDR | ||
| 005 | 20250410121244.0 | ||
| 007 | ta | ||
| 008 | 740307s1974 nyua b 001 0 eng | ||
| 010 | _a 74004203 | ||
| 020 | _a0807724262 | ||
| 020 | _a9780807724262 | ||
| 040 |
_aDLC _cDLC _dDLC _beng |
||
| 041 | _aeng | ||
| 043 |
_an-us-ny _anwdr--- |
||
| 050 | 1 | 4 |
_a118 F 128.9 _bH498d 1974 |
| 082 | 0 | 0 | _a917.47/1/06687293 |
| 100 | 1 |
_aHendricks, Glenn L., _d1928- _941613 |
|
| 245 | 1 | 4 |
_aThe Dominican diaspora: _bfrom the Dominican Republic to New York City--villagers in transition / _cGlenn Hendricks. |
| 260 |
_aNew York ; _aLondon : _bTeachers College Press, Columbia University _c1974. |
||
| 300 |
_axi, 171 pages : _billustrations ; _c24 cm. |
||
| 490 | 1 | _aPublications of the Center for Education in Latin America | |
| 504 | _aBibliography: pages 161-166. | ||
| 650 | 0 |
_aDominicans (Dominican Republic) _zNew York (State) _zNew York. |
|
| 650 | 4 |
_aDominicanos en Nueva York (Estado) _941614 |
|
| 651 | 4 |
_aRepública Dominicana _xEmigración e inmigración _922077 |
|
| 830 | 0 |
_aPublications of the Center for Education in Latin America _941617 |
|
| 906 |
_a7 _bcbc _corignew _d1 _eocip _f19 _gy-gencatlg |
||
| 942 |
_2lcc _cBK |
||
| 999 |
_c15118 _d15118 |
||